Lyrics to 'Cómo Te Atreves' by Morat - Statistics

General Stats
  • This quiz has been taken 70 times
  • The average score is 280 of 346
Answer Stats
Answer % Correct
a
100%
A
100%
atreves
100%
¿Cómo
100%
es
100%
Es
100%
Te
100%
te
100%
"te
100%
eres
95%
estaba
95%
la
95%
La
95%
lo
95%
qué
95%
que
95%
Que
95%
volver?
95%
y
95%
Y
95%
bien
90%
darle
90%
de
90%
en
90%
me
90%
Me
90%
muerto
90%
No
90%
no
90%
Oh
90%
OH!
90%
Para
90%
para
90%
soledad
90%
tu
90%
vida
90%
exigir
86%
Pero
86%
pero
86%
quien
86%
si
86%
tratado
86%
derechos
81%
El
81%
había
81%
mentiras
81%
mi
81%
Mi
81%
por
81%
¿Por
81%
ti
81%
al
76%
Al
76%
cenizas
76%
fuego
76%
Fui
76%
fui
76%
las
76%
los
76%
nunca
76%
Nunca
76%
olvide
76%
sin
76%
verdad
76%
caer
71%
convertir
71%
creo
71%
día
71%
Hoy
71%
imposible
71%
ir
71%
ir?
71%
le
71%
medio
71%
nuestro
71%
pregunto
71%
se
71%
ser
71%
será
71%
sigo
71%
tan
71%
tus
71%
veo
71%
vivo
71%
29
67%
ahora
67%
Andan
67%
años
67%
Cada
67%
calle
67%
dejarte
67%
diciendo
67%
dictador
67%
distinguir
67%
estás
67%
falda
67%
fin
67%
levantar
67%
mis
67%
perdí
67%
quiero"
67%
siempre
67%
solo
67%
un
67%
vas
67%
viento
67%
yo
67%
bueno
62%
cabo
62%
cerca
62%
corazón
62%
Cuatro
62%
falta
62%
febrero
62%
fiel
62%
final
62%
hizo
62%
lejos
62%
Ni
62%
odio"
62%
olvidaste
62%
perdono
62%
postales
62%
recordar
62%
remordimientos
62%
siquiera
62%
Tantas
62%
Tres
62%
tuve
62%
volviste
62%
bolero
57%
daño
57%
decreto
57%
Dos
57%
expiraron
57%
haber
57%
juraste
57%
latidos
57%
meses
57%
mirarte
57%
mismo
57%
pensaste
57%
prefiero
57%
primer
57%
sido
57%
acostumbré
52%
cobarde
52%
Debió
52%
funciona
52%
hiciste
52%
darte
48%
olvidarte
48%
perder
48%
primero
48%
prohibirme
48%
vidas
48%
consejos
43%
Contigo
38%
No matching quizzes found
Score Distribution
Percent of People with Each Score
Percentile by Number Answered
Your Score History
You have not taken this quiz